Financovanie malých a stredných podnikov diplomová práca

Enregistré dans:
Détails bibliographiques
Auteur principal: Strieška, Michal
Collectivité auteur: Fakulta podnikového manažmentu EU. Katedra podnikovohospodárska
Autres auteurs: Kissová, Jana, 1979-
Format: Livre
Langue:slovaque
Publié: Bratislava 2009
Tags: Ajouter un tag
Pas de tags, Soyez le premier à ajouter un tag!

MARC

LEADER 00000nam$a2200000$$$4500
001 0101527
005 20240319130042.2
041 0 |a slo 
044 |a SK 
245 1 0 |a Financovanie malých a stredných podnikov  |b diplomová práca  |c Michal Strieška ; škol. Jana Kissová 
264 1 |a Bratislava  |c 2009 
300 |a 74 s. 
100 1 |a Strieška, Michal 
700 1 |a Kissová, Jana, 1979- 
710 2 |a Fakulta podnikového manažmentu EU. Katedra podnikovohospodárska